000 00653nam a2200217Ii 4500
001 16807
003 CO-ViMGA
008 241108s9999||||xx |||||||||||||| ||und||
020 _a8448601777
040 _aCO-ViMGA
_bspa
_erda
_cCO-ViMGA
041 0 _aspa
082 0 4 _aR 610.3 D67
100 1 _aWilliam Alexander Newman Dorland
_952647
245 1 0 _aDiccionario enciclopƩdico ilustrado de medicina Dorland
264 1 _aMadrid, EspaƱa : McGraw-Hill, 1997
300 _avolumen
336 _atext
_btxt
_2rdacontent
337 _aunmediated
_bn
_2rdamedia
338 _avolume
_bnc
_2rdacarrier
940 _aidficha_siabuc: 16476. -- ficha_no_siabuc:16807
999 _c47444
_d47444